[Event "Rottach Egern Seniors Cup 9th"]
[Site "Rottach Egern"]
[Date "2021.10.28"]
[Round "7"]
[White "Anders, Gaby"]
[Black "Naumann, Jutta"]
[Result "0-1"]
[WhiteElo "767"]
[BlackElo "1450"]
[PlyCount "76"]
[EventDate "2021.10.22"]
[EventType "swiss"]
[EventRounds "7"]
[EventCountry "GER"]
[SourceTitle "EXT 2023"]
[Source "ChessBase"]
[SourceDate "2022.10.05"]
[SourceVersion "1"]
[SourceVersionDate "2022.10.05"]
[SourceQuality "1"]

1. e4 e6 2. Nf3 c5 3. Bc4 b6 4. Nc3 Ba6 5. d3 Bxc4 6. dxc4 d6 7. Qe2 Nc6 8. Qd3 Nb4 9. Qd2 Be7 10. a3 Na6 11. Qe2 Nc7 12. Bd2 h6 13. 0-0-0 Nf6 14. h3 0-0 15. g4 Re8 16. g5 hxg5 17. Nxg5 d5 18. e5 d4 19. Nce4 Nxe4 20. Nxe4 f5 21. Ng3 Bg5 22. f4 Bh4 23. Nh5 Kf7 24. Qg2 Rg8 25. Rhg1 g6 26. Ng3 b5 27. Qc6 bxc4 28. Qxc5 d3 29. c3 Qb8 30. Qxc4 Rd8 31. Ne4 Qb6 32. Ng5+ Bxg5 33. fxg5 Rab8 34. b4 a5 35. Rg3 Nb5 36. Kb2 axb4 37. cxb4 Rbc8 38. Qh4 Rc2+ 0-1

[Event "Rottach Egern Seniors Cup 9th"]
[Site "Rottach Egern"]
[Date "2021.10.24"]
[Round "3"]
[White "Anders, Gaby"]
[Black "Fischer, Johann2222"]
[Result "0-1"]
[WhiteElo "767"]
[BlackElo "1659"]
[PlyCount "86"]
[EventDate "2021.10.22"]
[EventType "swiss"]
[EventRounds "7"]
[EventCountry "GER"]
[SourceTitle "CBM 204 Extra"]
[Source "ChessBase"]
[SourceDate "2021.11.30"]
[SourceVersion "1"]
[SourceVersionDate "2021.11.30"]
[SourceQuality "1"]

1. e4 e5 2. Nf3 Nc6 3. Bc4 d6 4. Nc3 Bg4 5. 0-0 Be7 6. h3 Bh5 7. d3 Nd4 8. g4 Nxf3+ 9. Qxf3 Bg6 10. Re1 h5 11. Be3 hxg4 12. Qxg4 Rh4 13. Qf3 c6 14. Rad1 Qd7 15. Kh2 Bh5 16. Qf5 Qxf5 17. exf5 Bxd1 18. Rxd1 Rh5 19. Rg1 Bf6 20. Ne4 Ke7 21. Ng3 Rh7 22. f4 exf4 23. Bxf4 Be5 24. Bg5+ f6 25. Be3 d5 26. Bc5+ Kd7 27. Bb3 Nh6 28. Kg2 Bxg3 29. Rf1 Bd6 30. Be3 Nf7 31. c4 a5 32. a4 dxc4 33. Bxc4 Nd8 34. Bb6 Bc7 35. Bc5 b6 36. Ba3 Bd6 37. Re1 Bxa3 38. bxa3 Rh5 39. Be6+ Nxe6 40. fxe6+ Ke7 41. d4 Rd5 42. Re4 Rad8 43. Rg4 g5 0-1